[Event "Druzynowe Mistrzostwa Polski - II liga"]
[Site "Dom Wczasowy VIS Jastrzebia Gora"]
[Date "1899-12-30"]
[Round "1.1"]
[White "Niekras, Dawid"]
[Black "Czarnota, Pawel"]
[Result "1/2-1/2"]
[WhiteTitle "FM"]
[BlackTitle "GM"]
[WhiteElo "2309"]
[BlackElo "2505"]

1. e4 c5 2. Nf3 d6 3. d4 cxd4 4. Qxd4 Nc6 5. Bb5 Bd7 6. Qd3 g6 7. O-O Bg7 8. c4
Nf6 9. Nc3 O-O 10. h3 a6 11. Bxc6 Bxc6 12. Nd4 Nd7 13. Be3 Qa5 14. Rac1 Rfc8 15.
f4 Nc5 16. Qb1 Na4 17. Nd5 Bxd5 18. exd5 Qb4 19. b3 Nc5 20. f5 a5 21. Rf3 Nd7
22. a3 Qxa3 23. f6 Bxf6 24. Rxf6 Nxf6 25. Nc2 Qxc1+ 26. Bxc1 a4 27. Na3 axb3 28.
Qxb3 Nxd5 29. Bg5 Nf6 30. Bxf6 exf6 31. Nb5 Rc6 32. Nc3 Re8 33. Nd5 Kg7 34. Qc3
Re5 35. Qd4 h5 36. h4 Re6 37. Kh2 Re5 38. Nc3 Rcc5 39. Kg3 b5 40. cxb5 Rxc3+ 41.
Qxc3 Rxb5 42. Qd3 Rb4 43. Qxd6 Rg4+ 44. Kh3 f5 45. Qe5+ Kg8 46. g3 Re4 47. Qb8+
Kg7 48. Kg2 Rg4 49. Kf3 Re4 50. Qb2+ Kg8 51. Qb8+ Kg7 52. Qb2+ 1/2-1/2

[Event "Druzynowe Mistrzostwa Polski - II liga"]
[Site "Dom Wczasowy VIS Jastrzebia Gora"]
[Date "1899-12-30"]
[Round "1.2"]
[White "Turski, Bartlomiej"]
[Black "Zakrzewski, Marek"]
[Result "1/2-1/2"]
[WhiteTitle "FM"]
[BlackTitle "FM"]
[WhiteElo "2380"]
[BlackElo "2275"]

1. Nf3 d5 2. b3 Bf5 3. Bb2 e6 4. e3 Nf6 5. h3 h6 6. c4 Nbd7 7. Be2 Bd6 8. cxd5
exd5 9. Nc3 c6 10. d4 Qe7 11. Bd3 Bxd3 12. Qxd3 Ne4 13. Qc2 f5 14. O-O-O Rf8 15.
Ne1 Nxc3 16. Bxc3 a5 17. Nd3 a4 18. Rhe1 axb3 19. axb3 Kd8 20. Qd2 Kc7 21. Bb4
Ra6 22. Kb2 Rfa8 23. Ra1 Nf6 24. Bxd6+ Qxd6 25. Ra4 Ra5 26. Rxa5 Ra7 27. Ra6 Rxa6
28. Nc5 Ra8 29. Qb4 b6 30. Nd3 Qxb4 31. Nxb4 Kd6 32. Rc1 c5 33. Nd3 Nd7 34. Nf4
g5 35. Ne2 Ke6 1/2-1/2

[Event "Druzynowe Mistrzostwa Polski - II liga"]
[Site "Dom Wczasowy VIS Jastrzebia Gora"]
[Date "1899-12-30"]
[Round "1.3"]
[White "Bajerlein, Dawid"]
[Black "Kukula, Pawel"]
[Result "0-1"]
[WhiteTitle "k+"]
[BlackTitle "m"]
[WhiteElo "2072"]
[BlackElo "2133"]

1. d4 Nf6 2. c4 g6 3. g3 Bg7 4. Bg2 O-O 5. Nc3 d6 6. Nf3 Nc6 7. O-O Nd7 8. e4 e5
9. Bg5 Bf6 10. Be3 exd4 11. Nxd4 Nde5 12. Nxc6 bxc6 13. b3 Nxc4 14. bxc4 Bxc3
15. Rc1 Bg7 16. Qa4 Bd7 17. c5 a5 18. Rfd1 Qe7 19. Bd4 Bh6 20. f4 Rfb8 21. a3
Rb5 22. cxd6 cxd6 23. e5 dxe5 24. Bxc6 Bxc6 25. Rxc6 Qb7 26. Rc5 Rxc5 27. Bxc5
exf4 28. Rd7 Qb1+ 29. Kg2 f3+ 30. Kf2 Qh1 0-1

[Event "Druzynowe Mistrzostwa Polski - II liga"]
[Site "Dom Wczasowy VIS Jastrzebia Gora"]
[Date "1899-12-30"]
[Round "1.4"]
[White "Raczek, Krzysztof"]
[Black "Bernat, Marcin"]
[Result "1-0"]
[WhiteTitle "k"]
[BlackTitle "k"]
[WhiteElo "2113"]
[BlackElo "1905"]

1. c4 e6 2. Nf3 d5 3. e3 Nf6 4. b3 Be7 5. Bb2 O-O 6. Nc3 c5 7. cxd5 exd5 8. d4
Nc6 9. Be2 Bg4 10. dxc5 Bxc5 11. O-O Qd7 12. Rc1 Rfd8 13. Na4 Be7 14. Nc5 Qc7
15. h3 Bxf3 16. Bxf3 Ne4 17. Bxe4 dxe4 18. Qg4 Bf8 19. Nxe4 Qc8 20. Nf6+ Kh8 21.
Qh4 Qf5 22. e4 Qg6 23. Nd5 f5 24. Nf4 Qf7 25. e5 Kg8 26. Rfe1 Be7 27. Qg3 Bf8
28. e6 Qe8 29. Rxc6 bxc6 30. e7 Rd7 31. exf8=R+ Qxf8 32. Ne6 1-0

[Event "Druzynowe Mistrzostwa Polski - II liga"]
[Site "Dom Wczasowy VIS Jastrzebia Gora"]
[Date "1899-12-30"]
[Round "1.5"]
[White "Hemmerling, Jaroslaw"]
[Black "Ratajczak, Hubert"]
[Result "1/2-1/2"]
[WhiteTitle "I++"]
[BlackTitle "I"]
[WhiteElo "1855"]
[BlackElo "2056"]

1. e4 c5 2. Nf3 d6 3. d4 cxd4 4. Qxd4 Nc6 5. Qe3 Nf6 6. c4 g6 7. h3 Bg7 8. Be2
O-O 9. O-O Nd7 10. Nc3 Nde5 11. Rd1 Nxf3+ 12. Bxf3 Qa5 13. Rd5 Qc7 14. Nb5 Qd8
15. Rd1 Be6 16. Be2 a6 17. Na3 Qa5 18. Rb1 Qc5 19. Nc2 b5 20. Qxc5 dxc5 21. cxb5
Bxa2 22. Ra1 axb5 23. Bxb5 Nd4 24. Nxd4 cxd4 25. Bc6 Bb3 26. Rxa8 Bxd1 27. Rxf8+
Kxf8 28. Kf1 Bb3 29. Bb5 e5 30. Ke2 Ke7 31. Kd3 f5 32. f3 fxe4+ 33. fxe4 Kd6 34.
Bc4 1/2-1/2

[Event "Druzynowe Mistrzostwa Polski - II liga"]
[Site "Dom Wczasowy VIS Jastrzebia Gora"]
[Date "1899-12-30"]
[Round "1.6"]
[White "Majdan, Joanna"]
[Black "Kostecka, Marika"]
[Result "1-0"]
[WhiteTitle "WGM"]
[BlackTitle "WCM"]
[WhiteElo "2307"]
[BlackElo "1868"]

1. e4 c5 2. Nf3 d6 3. Bb5+ Nd7 4. O-O a6 5. Bd3 b5 6. c3 c4 7. Bc2 Ngf6 8. d4 cxd3
9. Qxd3 e6 10. Qe2 Be7 11. a4 Bb7 12. Re1 Bc6 13. Nd4 Bb7 14. axb5 axb5 15. Rxa8
Qxa8 16. Nxb5 O-O 17. c4 Rc8 18. N1c3 Qa6 19. b3 Ba8 20. Bb2 Qb7 21. Rd1 Nc5 22.
f3 Qb6 23. Kh1 Ne8 24. e5 dxe5 25. b4 Na6 26. Na4 Qb8 27. Bxe5 Nac7 28. Nxc7 Nxc7
29. Qd3 g6 30. Qd7 Bf8 31. Nb6 1-0

[Event "Druzynowe Mistrzostwa Polski - II liga"]
[Site "Dom Wczasowy VIS Jastrzebia Gora"]
[Date "1899-12-30"]
[Round "1.7"]
[White "Lubczynski, Rafal"]
[Black "Nowak, Kamil"]
[Result "1/2-1/2"]
[WhiteTitle "IM"]
[BlackTitle "m"]
[WhiteElo "2413"]
[BlackElo "2275"]

1. d4 d5 2. c4 c6 3. Nf3 Nf6 4. Nbd2 Bf5 5. Nh4 Bc8 6. Nhf3 Bf5 7. Nh4 Bc8 8. b3
e6 9. Nhf3 Nbd7 10. g3 Be7 11. Bg2 O-O 12. O-O b6 13. Qc2 Bb7 14. Rd1 c5 15. dxc5
Bxc5 16. Bb2 Rc8 17. Rac1 Qe7 18. Nd4 Rfd8 19. Qb1 Nf8 20. cxd5 Bxd5 21. Bxd5
Nxd5 22. Ne4 Bxd4 23. Rxd4 f6 24. Rdc4 Rxc4 25. Rxc4 e5 26. Qc1 Ne6 27. a4 h6
28. h4 1/2-1/2

[Event "Druzynowe Mistrzostwa Polski - II liga"]
[Site "Dom Wczasowy VIS Jastrzebia Gora"]
[Date "1899-12-30"]
[Round "1.8"]
[White "Daniel, Damian"]
[Black "Orzech, Dominik"]
[Result "1-0"]
[WhiteTitle "CM"]
[BlackTitle "IM"]
[WhiteElo "2163"]
[BlackElo "2325"]

1. d4 d5 2. Nf3 Nf6 3. g3 g6 4. Bg2 Bg7 5. O-O O-O 6. b3 c6 7. Bb2 a5 8. Nbd2 a4
9. c4 Nbd7 10. Qc2 Nb6 1-0

[Event "Druzynowe Mistrzostwa Polski - II liga"]
[Site "Dom Wczasowy VIS Jastrzebia Gora"]
[Date "1899-12-30"]
[Round "1.9"]
[White "Kuegel, Tobias"]
[Black "Stankiewicz, Pawel"]
[Result "1-0"]
[WhiteTitle "FM"]
[BlackTitle "k"]
[WhiteElo "2297"]
[BlackElo "2101"]

1. e4 e6 2. d4 d5 3. Nd2 dxe4 4. Nxe4 Nd7 5. Nf3 Ngf6 6. Bg5 Be7 7. Nxf6+ Nxf6
8. Bd3 O-O 9. Qe2 c5 10. dxc5 Qa5+ 11. c3 Qxc5 12. O-O-O a5 13. h4 a4 14. a3 Ra5
15. Nd2 Qc7 16. Ne4 Nxe4 17. Qxe4 f5 18. Qf4 Bxg5 19. Qxg5 e5 20. Rhe1 Be6 21.
Bc2 e4 22. Qd2 Rd5 23. Qe3 b5 24. Rd2 Rd4 25. Rxd4 Bd5 26. Rxd5 1-0

[Event "Druzynowe Mistrzostwa Polski - II liga"]
[Site "Dom Wczasowy VIS Jastrzebia Gora"]
[Date "1899-12-30"]
[Round "1.10"]
[White "Borowski, Przemyslaw"]
[Black "Dubinski, Mateusz"]
[Result "1/2-1/2"]
[WhiteTitle "I"]
[BlackTitle "FM"]
[WhiteElo "1889"]
[BlackElo "2250"]

1. d4 d5 2. Bf4 c5 3. e3 Nc6 4. c3 Nf6 5. Nf3 Qb6 6. Qc2 cxd4 7. exd4 Bf5 8. Qb3
e6 9. Qxb6 axb6 10. Nbd2 h6 11. Bb5 Nd7 12. O-O g5 13. Bg3 f6 14. Rfe1 h5 15.
h4 g4 16. Nh2 Na7 17. Be2 Kf7 18. f3 Bh6 19. Ndf1 Rhg8 20. fxg4 hxg4 21. Bf2 Bf8
22. Ng3 Bh7 23. Bxg4 f5 24. Bh5+ Bg6 25. Nf3 Bh6 26. Re2 1/2-1/2

[Event "Druzynowe Mistrzostwa Polski - II liga"]
[Site "Dom Wczasowy VIS Jastrzebia Gora"]
[Date "1899-12-30"]
[Round "1.11"]
[White "Mazurkiewicz, Michal"]
[Black "Reichel, Lukasz"]
[Result "1-0"]
[WhiteTitle "CM"]
[BlackTitle "I"]
[WhiteElo "2159"]
[BlackElo "1887"]

1. e4 c5 2. Nf3 d6 3. g3 Nc6 4. Bg2 g6 5. O-O Bg7 6. d3 e5 7. Nc3 Nge7 8. Nd2 O-O
9. Nc4 Be6 10. Nd5 Qd7 11. a4 Rae8 12. c3 Kh8 13. a5 f5 14. Qa4 Qd8 15. a6 b6
16. Bg5 Bxd5 17. exd5 Nb8 18. f4 h6 19. Bh4 exf4 20. gxf4 Bf6 21. Bxf6+ Rxf6 22.
Nxb6 Nxa6 23. Nd7 Rf7 24. d4 Nc7 25. dxc5 dxc5 26. d6 Ned5 27. dxc7 Qxd7 28. Bxd5
Qxa4 29. Rxa4 Rxc7 30. Ra6 Kg7 31. Rfa1 Ree7 32. Kf2 g5 33. c4 gxf4 34. Rg1+ 1-0

[Event "Druzynowe Mistrzostwa Polski - II liga"]
[Site "Dom Wczasowy VIS Jastrzebia Gora"]
[Date "1899-12-30"]
[Round "1.12"]
[White "Czaplewska, Klara"]
[Black "Krupa, Monika"]
[Result "0-1"]
[WhiteTitle "k+"]
[BlackTitle "WGM"]
[WhiteElo "1866"]
[BlackElo "2140"]

1. e4 c5 2. Nf3 Nc6 3. d4 cxd4 4. Nxd4 e5 5. Nb5 Nf6 6. N1c3 d6 7. Bg5 a6 8. Na3
b5 9. Bxf6 gxf6 10. Nd5 Bg7 11. Qd3 Ne7 12. Nxe7 Qxe7 13. O-O-O Bb7 14. Be2 Rd8
15. Bf3 f5 16. Qe3 fxe4 17. Bxe4 d5 18. Bf3 e4 19. Be2 d4 20. Qf4 O-O 21. f3 f5
22. g4 Be5 23. Qh6 Rd6 24. Qh3 exf3 25. Bd3 Qg5+ 26. Kb1 Rh6 27. Qf1 fxg4 28.
Qf2 Qe3 29. Rdf1 Qxf2 30. Rxf2 g3 31. Rg1 g2 32. h4 Rxh4 0-1

[Event "Druzynowe Mistrzostwa Polski - II liga"]
[Site "Dom Wczasowy VIS Jastrzebia Gora"]
[Date "1899-12-30"]
[Round "1.13"]
[White "Kozlowski, Waldemar"]
[Black "Kucza, Karol"]
[Result "1/2-1/2"]
[WhiteTitle "FM"]
[BlackTitle "FM"]
[WhiteElo "2182"]
[BlackElo "2329"]

1. Nf3 d5 2. b3 Nf6 3. Bb2 Bf5 4. e3 e6 5. Be2 h6 6. O-O Nbd7 7. c4 Bd6 8. Nc3
c6 9. Rc1 O-O 10. d3 Qe7 11. Re1 Rad8 12. cxd5 exd5 13. h3 Rfe8 14. Bf1 Bg6 15.
Ne2 Ba3 16. Bxa3 Qxa3 17. Nf4 Bh7 18. Qd2 a5 19. Rc3 c5 20. Rb1 Qb4 21. Qb2 Qb6
22. Rbc1 Qd6 23. d4 b6 24. Bb5 Re7 25. Bxd7 Nxd7 26. Qa3 Ree8 27. Nd3 Be4 28.
dxc5 Nxc5 29. Nxc5 Bxf3 30. gxf3 Qg6+ 31. Kf1 bxc5 32. Qxc5 d4 33. exd4 Qe6 34.
Kg2 Qg6+ 35. Kf1 Qe6 36. Kg2 Rd5 37. Qc6 Rd6 38. Qe4 Qxe4 39. fxe4 Rxe4 40. Rd1
Rexd4 41. Rxd4 Rxd4 42. Rc5 a4 43. Rc3 1/2-1/2

[Event "Druzynowe Mistrzostwa Polski - II liga"]
[Site "Dom Wczasowy VIS Jastrzebia Gora"]
[Date "1899-12-30"]
[Round "1.14"]
[White "Maciejczak, Jakub"]
[Black "Krzywicki, Dariusz"]
[Result "1-0"]
[WhiteTitle "FM"]
[BlackTitle "m"]
[WhiteElo "2374"]
[BlackElo "2110"]

1. e4 e6 2. d4 d5 3. Nc3 Bb4 4. e5 Qd7 5. a3 Bf8 6. h4 b6 7. h5 h6 8. Nf3 c5 9.
Bf4 Ba6 10. Bxa6 Nxa6 11. Qd3 c4 12. Qd2 Ne7 13. g4 Nc7 14. Ne2 Nc6 15. Kf1 O-O-O
16. Kg2 Kb7 17. Ng3 Rc8 18. g5 Ne7 19. gxh6 gxh6 20. c3 Nf5 21. Rh3 Ne8 22. Nh2
Neg7 23. Ng4 Nxg3 24. fxg3 Nf5 25. Nf6 Qc6 26. g4 Ne7 27. Rf1 Bg7 28. Be3 Rcf8
29. Rhf3 a5 30. Qc2 Bxf6 31. Rxf6 Qe8 32. Bxh6 Rfg8 33. Kh3 Ka6 34. Qe2 Rg6 35.
Be3 Qg8 36. Qf3 Rh7 37. Rxg6 Qxg6 38. Bf2 Qc2 39. Bh4 Ng8 40. Rf2 Qb1 41. Qe2
Rg7 42. Rf1 Qh7 43. Bf6 Nxf6 44. Rxf6 Kb5 45. b3 a4 46. bxa4+ Kxa4 47. Qb2 Ka5
48. a4 Qd3+ 49. Kh4 Ka6 50. h6 Rh7 51. Qb5+ Ka7 52. Qd7+ Ka6 53. Qe8 1-0

[Event "Druzynowe Mistrzostwa Polski - II liga"]
[Site "Dom Wczasowy VIS Jastrzebia Gora"]
[Date "1899-12-30"]
[Round "1.15"]
[White "Krzewski, Dariusz"]
[Black "Malovanyi, Yulian"]
[Result "0-1"]
[WhiteTitle "k"]
[BlackTitle "FM"]
[WhiteElo "2057"]
[BlackElo "2310"]

1. e4 g6 2. d4 d6 3. Nf3 Bg7 4. Nc3 Nf6 5. Be2 O-O 6. O-O c6 7. a4 a5 8. e5 dxe5
9. Nxe5 Nbd7 10. Bc4 Nb6 11. Bb3 Nbd5 12. Nxd5 Nxd5 13. Re1 Be6 14. h4 Nc7 15.
Bxe6 Nxe6 16. c3 Qd5 17. Qf3 Bxe5 18. Qxd5 Bh2+ 19. Kxh2 cxd5 20. Ra3 Rfd8 21.
Rb3 Rd7 22. Bg5 Ra6 23. Kg3 f6 24. Bd2 Nd8 25. Rb5 Nc6 26. f4 Na7 27. Rb3 h5 28.
Kf3 Nc8 29. g4 Nd6 30. Bc1 Kf7 31. Re2 Rc6 32. Bd2 b6 33. Be1 Rd8 34. g5 Rb8 35.
Ke3 Rc4 36. Ra3 Rb7 37. Kd3 Rbc7 38. Ra2 Rc8 39. Ra3 e6 40. Bd2 R8c7 41. Be1 Rc8
42. Ra1 Ke7 43. Bg3 R4c6 44. Rg2 Ne4 45. Bh2 Rf8 46. Ke2 Nd6 47. Bg3 Nf5 48. Be1
Rb8 49. Kd3 Rb7 50. Ra2 Nd6 51. Ra1 Kf7 52. Bd2 Nc4 53. Be1 Rc8 54. Re2 Nd6 55.
Rg2 Ra8 56. Re2 Rab8 57. Bg3 Nf5 58. Be1 Rc8 59. Ra3 Nd6 60. Bf2 Nc4 61. Rb3 Rcb8
62. Bg3 Rc8 63. Bf2 Rc6 64. Be1 Rd7 65. Bf2 Rd8 66. Be1 Rdc8 67. Rg2 Ke7 68. Re2
Rf8 69. Rf2 Nd6 70. Ke2 Nc4 71. Kd3 Kd7 72. Ke2 Rcc8 73. Kd3 fxg5 74. fxg5 Rxf2
75. Bxf2 Rf8 76. Ke2 Rf4 77. Bg3 Rg4 78. Bf2 Kc6 79. Be1 Rg2+ 80. Bf2 Rh2 81.
Rb5 Nd6 82. Kf1 Nxb5 83. axb5+ Kxb5 0-1

[Event "Druzynowe Mistrzostwa Polski - II liga"]
[Site "Dom Wczasowy VIS Jastrzebia Gora"]
[Date "1899-12-30"]
[Round "1.16"]
[White "Janaszak, Dawid"]
[Black "Kitewski, Bartosz"]
[Result "1-0"]
[WhiteTitle "FM"]
[BlackTitle "I++"]
[WhiteElo "2331"]
[BlackElo "1993"]

1. e4 c5 2. Nc3 Nc6 3. Nge2 Nf6 4. g3 e6 5. Bg2 Be7 6. d4 cxd4 7. Nxd4 d6 8. O-O
O-O 9. Be3 a6 10. a4 Qc7 11. Nb3 Ne5 12. Nd2 b6 13. h3 Bb7 14. Qe2 Rfd8 15. f4
Ned7 16. g4 Nc5 17. g5 Nfd7 18. b4 Nb3 19. cxb3 Qxc3 20. Rfc1 Qb2 21. Rab1 Qa3
22. Rc7 Rab8 23. Nc4 Qxb4 24. Bd2 Qc5+ 25. Rxc5 bxc5 26. Na5 Ba8 27. Qxa6 Nb6
28. Nc4 Nc8 29. Qa5 Rd7 30. Qc3 Ra7 31. a5 Bd8 32. Qd3 Bc7 33. f5 1-0

[Event "Druzynowe Mistrzostwa Polski - II liga"]
[Site "Dom Wczasowy VIS Jastrzebia Gora"]
[Date "1899-12-30"]
[Round "1.17"]
[White "Kaznowska, Weronika"]
[Black "Szyszylo, Rafal"]
[Result "0-1"]
[WhiteTitle "I++"]
[BlackTitle "k"]
[WhiteElo "1535"]
[BlackElo "2090"]

1. d4 g6 2. Bf4 Bg7 3. e4 d6 4. Nc3 Nc6 5. d5 Ne5 6. Qd2 a6 7. Nf3 Nxf3+ 8. gxf3
b5 9. O-O-O Bd7 10. Re1 Qb8 11. Ne2 Qb7 12. Ng3 c6 13. Kb1 b4 14. Bc4 Rc8 15.
Qe2 Qc7 16. Bc1 cxd5 17. Bxd5 Bb5 18. Qd1 e6 19. Bb3 a5 20. a3 bxa3 21. bxa3 a4
22. Bd2 axb3 23. cxb3 Bd3+ 0-1

[Event "Druzynowe Mistrzostwa Polski - II liga"]
[Site "Dom Wczasowy VIS Jastrzebia Gora"]
[Date "1899-12-30"]
[Round "1.18"]
[White "Czerwinska, Milena"]
[Black "Krysztopa-czuprynska, Barbara"]
[Result "1/2-1/2"]
[WhiteTitle "WFM"]
[BlackTitle "I"]
[WhiteElo "1972"]
[BlackElo "1636"]

1. e4 d5 2. exd5 Nf6 3. d4 Nxd5 4. c4 Nf6 5. Nc3 g6 6. Nf3 Bg7 7. Be2 O-O 8. O-O
Re8 9. h3 b6 10. Bf4 a6 11. Ne5 Bb7 12. Bf3 Qc8 13. Qe2 e6 14. Rad1 Ra7 15. Ne4
Nxe4 16. Bxe4 Bxe4 17. Qxe4 c5 18. b3 cxd4 19. Qxd4 Nd7 20. Qe3 Bxe5 21. Bxe5
Nxe5 22. Qxe5 Rd8 23. Rd4 Rad7 24. Rfd1 Rxd4 25. Rxd4 Rxd4 26. Qxd4 Qc5 27. Qe4
1/2-1/2

[Event "Druzynowe Mistrzostwa Polski - II liga"]
[Site "Dom Wczasowy VIS Jastrzebia Gora"]
[Date "1899-12-30"]
[Round "1.19"]
[White "Fiedorek, Michal"]
[Black "Stanisz, Patryk"]
[Result "1-0"]
[WhiteTitle "FM"]
[BlackTitle "CM"]
[WhiteElo "2257"]
[BlackElo "2199"]

1. e4 c6 2. d4 d5 3. exd5 cxd5 4. Nf3 Nc6 5. Bb5 Bd7 6. O-O Nf6 7. Re1 a6 8. Bd3
Bg4 9. c3 Qc7 10. h3 Bh5 11. Bg5 e6 12. Nbd2 Bg6 13. Bxg6 hxg6 14. Qe2 Be7 15.
a4 Nd7 16. c4 Nxd4 17. Nxd4 Bxg5 1-0

[Event "Druzynowe Mistrzostwa Polski - II liga"]
[Site "Dom Wczasowy VIS Jastrzebia Gora"]
[Date "1899-12-30"]
[Round "1.20"]
[White "Szmyd, Arkadiusz"]
[Black "Karpus, Michal"]
[Result "0-1"]
[WhiteTitle "k"]
[BlackTitle "FM"]
[WhiteElo "2073"]
[BlackElo "2207"]

1. e4 e5 2. Nc3 Nf6 3. f4 d5 4. fxe5 Nxe4 5. Nf3 Be7 6. Qe2 Nxc3 7. dxc3 c5 8.
Bf4 Nc6 9. O-O-O Be6 10. h4 h6 11. g3 Qd7 12. Qd2 O-O-O 13. Kb1 Kb8 14. Be2 Qc7
15. a3 Ka8 16. Rhg1 d4 17. c4 Qb6 18. Bd3 Qa6 19. Qe2 Qa4 20. Bc1 Bg4 21. Rdf1
Rhe8 22. Qe4 Bxf3 23. Rxf3 Bf6 24. exf6 Rxe4 25. b3 Qa6 26. Bxe4 Ne5 27. Rf5 gxf6
28. Rgf1 Rd6 29. Ka2 Qa5 30. Bxh6 d3 31. cxd3 Nxd3 32. Bxd3 Rxd3 33. Bf4 Qc3 34.
Rb1 Rxg3 35. Bxg3 Qc2+ 36. Rb2 Qxf5 37. h5 Qg5 38. Bd6 b6 39. Rh2 Qh6 40. Kb1
f5 41. Bg3 Qe3 0-1

[Event "Druzynowe Mistrzostwa Polski - II liga"]
[Site "Dom Wczasowy VIS Jastrzebia Gora"]
[Date "1899-12-30"]
[Round "1.21"]
[White "Pacuszka, Tomasz"]
[Black "Kaminski, Piotr"]
[Result "1-0"]
[WhiteTitle "FM"]
[BlackTitle "k"]
[WhiteElo "2195"]
[BlackElo "2037"]

1. e4 c6 2. d4 d6 3. Nc3 Qc7 4. Be3 e5 5. f4 Nf6 6. h3 Nbd7 7. Nf3 Be7 8. g4 exf4
9. Bxf4 O-O 10. Bd3 b5 11. a3 a5 12. O-O Nb6 13. Qe1 Bb7 14. Qg3 b4 15. Nd1 c5
16. dxc5 Qxc5+ 17. Be3 Qc7 18. Qf4 Nc4 19. Bd4 Nd7 20. Be3 Nf6 21. Bd4 Nd7 22.
Ne3 1-0

[Event "Druzynowe Mistrzostwa Polski - II liga"]
[Site "Dom Wczasowy VIS Jastrzebia Gora"]
[Date "1899-12-30"]
[Round "1.22"]
[White "Zawierucha, Aleksander"]
[Black "Krainski, Aleksander"]
[Result "1/2-1/2"]
[WhiteTitle "k"]
[BlackTitle "FM"]
[WhiteElo "1946"]
[BlackElo "2062"]

1. d4 d5 2. c4 e6 3. Nc3 a6 4. cxd5 exd5 5. Bf4 Nf6 6. e3 Bd6 7. Bxd6 Qxd6 8. Bd3
O-O 9. Nge2 Nc6 10. Rc1 Bd7 11. h3 Ne7 12. Ng3 Be6 13. O-O Ng6 14. Nh5 Nxh5 15.
Qxh5 Rfd8 16. Bxg6 1/2-1/2

[Event "Druzynowe Mistrzostwa Polski - II liga"]
[Site "Dom Wczasowy VIS Jastrzebia Gora"]
[Date "1899-12-30"]
[Round "1.23"]
[White "Karbowiak, Adam"]
[Black "Boruta, Dawid"]
[Result "0-1"]
[WhiteTitle "k+"]
[BlackTitle "I"]
[WhiteElo "2051"]
[BlackElo "1912"]

1. Nf3 g6 2. c4 Bg7 3. Nc3 d6 4. g3 Nf6 5. Bg2 O-O 6. O-O Nc6 7. d3 e5 8. Bg5 h6
9. Bxf6 Bxf6 10. Rb1 Bg7 11. b4 f5 12. Nd5 Ne7 13. b5 Nxd5 14. cxd5 a6 15. a4
axb5 16. axb5 b6 17. Qc2 Bd7 18. Rfc1 Ra7 19. e4 Rf7 20. Nh4 Bf6 21. Ra1 Rxa1
22. Rxa1 Bxh4 23. gxh4 Bxb5 24. h5 f4 25. Bh3 Bd7 26. hxg6 Rf6 27. Bf5 Bxf5 28.
exf5 Rxf5 29. Kf1 f3 30. Qc6 Rf8 31. Ke1 Qg5 32. Qxc7 Qxg6 33. Ra7 Qg1+ 34. Kd2
Qxf2+ 35. Kd1 Qg1+ 36. Kd2 Qg5+ 37. Kc2 Qg6 38. Ra1 f2 39. Rf1 Rf7 40. Qxb6 Kh7
41. Qe3 Qg2 42. Qb6 Qg6 43. Rxf2 0-1

[Event "Druzynowe Mistrzostwa Polski - II liga"]
[Site "Dom Wczasowy VIS Jastrzebia Gora"]
[Date "1899-12-30"]
[Round "1.24"]
[White "Gonsior, Monika"]
[Black "Goraj, Barbara"]
[Result "1/2-1/2"]
[WhiteTitle "m"]
[BlackTitle "WCM"]
[WhiteElo "1941"]
[BlackElo "2121"]

1. e4 c5 2. Nf3 Nc6 3. d4 cxd4 4. Nxd4 Nf6 5. Nxc6 bxc6 6. Bd3 g6 7. O-O d6 8.
c4 Bg7 9. Nc3 O-O 10. h3 Rb8 11. Rb1 Nd7 12. Bd2 Ne5 13. Be2 Be6 14. b3 f5 15.
f4 Nd7 16. Bf3 fxe4 17. Nxe4 Bf5 18. g4 Bxe4 19. Bxe4 e5 20. f5 d5 21. cxd5 Nc5
22. Bg2 cxd5 23. b4 Na6 24. Qb3 Nc7 25. Be3 a5 26. Bc5 Rf7 27. fxg6 Rxf1+ 28.
Rxf1 hxg6 29. Rd1 Kh7 30. Bxd5 Nxd5 31. Rxd5 Qc7 32. b5 e4 33. Qe3 Rxb5 34. Rh5+
gxh5 35. Qxe4+ Kh8 36. Qe8+ Kh7 37. Qe4+ Kg8 38. Qe8+ Kh7 39. Qe4+ Kg8 40. Qe8+
1/2-1/2

[Event "Druzynowe Mistrzostwa Polski - II liga"]
[Site "Dom Wczasowy VIS Jastrzebia Gora"]
[Date "1899-12-30"]
[Round "1.25"]
[White "Panek, Bartosz"]
[Black "Mroziak, Maciej"]
[Result "1-0"]
[WhiteTitle "k"]
[BlackTitle "IM"]
[WhiteElo "2179"]
[BlackElo "2352"]

1. e4 c5 2. Nf3 e6 3. c3 d5 4. e5 d4 5. b4 dxc3 6. Nxc3 cxb4 7. Ne4 Bd7 8. d4 Bc6
9. Bd3 Bd5 10. Bg5 Qd7 11. O-O Nc6 12. Nfd2 Bxe4 13. Bxe4 Nge7 14. Nc4 Nd5 15.
Qd3 h6 16. Bd2 Rd8 17. Rfd1 Be7 18. Qg3 g5 19. Qd3 Nc7 20. Be3 Nd5 21. Bd2 b5
22. Ne3 Nxd4 1-0

[Event "Druzynowe Mistrzostwa Polski - II liga"]
[Site "Dom Wczasowy VIS Jastrzebia Gora"]
[Date "1899-12-30"]
[Round "1.26"]
[White "Dzierzak, Radoslaw"]
[Black "Bilczewski, Kacper"]
[Result "1/2-1/2"]
[WhiteTitle "FM"]
[BlackTitle "k+"]
[WhiteElo "2254"]
[BlackElo "2103"]

1. d4 d5 2. c4 c6 3. Nc3 Nf6 4. e3 e6 5. Nf3 Nbd7 6. Be2 dxc4 7. a4 Bb4 8. Bxc4
O-O 9. O-O Qc7 10. Qb3 a5 11. e4 Bxc3 12. bxc3 Nxe4 13. Bxe6 Ndc5 14. Bxf7+ Qxf7
15. Qxf7+ Rxf7 16. dxc5 Nxc3 17. Re1 Bf5 18. Ra3 Nd5 19. Ne5 Re7 20. f4 Nb4 21.
Rd1 Ree8 22. Rd6 Rad8 23. Be3 Kf8 24. Kf2 Be6 25. Ra1 Bd5 26. Bd2 Ke7 27. Rxd8
Rxd8 28. Rb1 Be4 29. Rb2 Ke6 30. Bxb4 axb4 31. Ke3 Bd5 32. Rxb4 Ra8 33. g4 g5
34. Nd3 gxf4+ 35. Nxf4+ Ke5 36. h4 h6 37. Nd3+ Ke6 38. Nf4+ Ke5 39. Ne2 Ra5 40.
Nc1 Ra8 41. Nd3+ Ke6 42. Nb2 Rb8 43. Nd1 Rf8 44. Rxb7 Rf3+ 45. Kd2 Rf4 46. Ne3
Rxa4 47. Rh7 Ra2+ 48. Ke1 Bf3 49. Rxh6+ Ke5 50. Nc4+ Kd4 51. Nb6 Kxc5 52. Nd7+
Kd4 53. Re6 Bxg4 1/2-1/2

[Event "Druzynowe Mistrzostwa Polski - II liga"]
[Site "Dom Wczasowy VIS Jastrzebia Gora"]
[Date "1899-12-30"]
[Round "1.27"]
[White "Samborski, Henryk"]
[Black "Gola, Karol"]
[Result "1-0"]
[WhiteTitle "k"]
[BlackTitle "k"]
[WhiteElo "2021"]
[BlackElo "2148"]

1. e4 c5 2. Nf3 e6 3. d3 Nc6 4. g3 d5 5. Nbd2 Nf6 6. Bg2 Be7 7. O-O O-O 8. e5 Nd7
9. Re1 Qc7 10. Qe2 b5 11. h4 a5 12. Nf1 b4 13. Bf4 Ba6 14. Ne3 c4 15. Nxd5 exd5
16. e6 Bd6 17. Bxd6 Qxd6 18. exd7 cxd3 19. cxd3 Qxd7 20. Qd2 Rfe8 21. d4 Re4 22.
Ne5 Nxe5 23. dxe5 Rxe1+ 24. Rxe1 Rd8 25. Qd4 Qc6 26. Rd1 Bb7 27. Kh2 Ba6 28. Kg1
Bb7 29. Kh2 1-0

[Event "Druzynowe Mistrzostwa Polski - II liga"]
[Site "Dom Wczasowy VIS Jastrzebia Gora"]
[Date "1899-12-30"]
[Round "1.28"]
[White "Duda, Lukasz"]
[Black "Radecki, Adam"]
[Result "1/2-1/2"]
[WhiteTitle "k++"]
[BlackTitle "I+"]
[WhiteElo "2115"]
[BlackElo "1989"]

1. d4 Nf6 2. Bf4 d5 3. Nf3 e6 4. e3 b6 5. Nbd2 Be7 6. h3 O-O 7. Bd3 c5 8. c3 Bb7
9. O-O Ne4 10. Qc2 f5 11. c4 Nc6 12. a3 Rc8 13. cxd5 exd5 14. dxc5 bxc5 15. Rfd1
Qb6 16. Ne5 Nxe5 17. Bxe5 Qe6 18. f4 Bd6 19. Nf3 Bxe5 20. Nxe5 Nd6 21. Qf2 Nf7
22. Nf3 Rfe8 23. Re1 Qf6 24. Rad1 Rb8 25. Qc2 d4 26. e4 fxe4 27. Bxe4 Bxe4 28.
Rxe4 Rxe4 29. Qxe4 g6 1/2-1/2

[Event "Druzynowe Mistrzostwa Polski - II liga"]
[Site "Dom Wczasowy VIS Jastrzebia Gora"]
[Date "1899-12-30"]
[Round "1.29"]
[White "Kubik, Rafal"]
[Black "Kalmuk, Krzysztof"]
[Result "1/2-1/2"]
[WhiteTitle "I++"]
[BlackTitle "I++"]
[WhiteElo "2023"]
[BlackElo "1997"]

1. e4 c5 2. Nf3 Nf6 3. e5 Nd5 4. c3 Nc6 5. Bc4 Nb6 6. Bb3 d5 7. exd6 c4 8. Bc2
Qxd6 9. O-O Bg4 10. h3 Bh5 11. Re1 O-O-O 12. Na3 e6 13. b3 cxb3 14. axb3 Nd5 15.
Nb5 Qb8 16. c4 Ndb4 17. Be4 a6 18. Nc3 Qc7 19. g4 Bg6 20. d4 Be7 21. Qe2 Nxd4
22. Nxd4 Rxd4 23. Bxg6 hxg6 24. Nb5 axb5 25. Ra8+ Kd7 26. Rxh8 bxc4 27. bxc4 Qxc4
1/2-1/2